|
|
|
|
| LEADER |
00905nam a2200241 a 4500 |
| 001 |
12573394 |
| 008 |
091102s2001 bg b 001 0 eng d |
| 010 |
|
|
|a 2001417651
|
| 020 |
|
|
|a 9840516175
|
| 020 |
|
|
|a 8174763570
|
| 040 |
|
|
|a DLC
|c DLC
|d DLC
|
| 082 |
0 |
0 |
|a 341.24/7
|2 21
|
| 100 |
0 |
|
|a Abul Kalam.
|
| 245 |
1 |
0 |
|a Subregionalism in Asia :
|b ASEAN and SAARC experiences /
|c Abul Kalam.
|
| 260 |
|
|
|a New Delhi :
|b UBS Publishers' Distributors,
|c 2001.
|
| 300 |
|
|
|a xix, 254 p. ;
|c 23 cm.
|
| 504 |
|
|
|a Includes bibliographical references (p. 219-234) and index.
|
| 541 |
1 |
|
|e 00008292
|
| 610 |
2 |
0 |
|a ASEAN.
|
| 610 |
2 |
0 |
|a South Asian Association for Regional Cooperation.
|
| 852 |
4 |
|
|a Ayesha Abed Library
|j General Shelf.
|
| 999 |
|
|
|c 5021
|d 5021
|
| 952 |
|
|
|0 0
|1 0
|2 ddc
|4 0
|6 341_247000000000000_ABU_2001
|7 0
|9 4845
|a BRACUL
|b BRACUL
|c GEN
|d 2009-11-03
|g 400.00
|l 0
|o 341.247 ABU
|p 3010008292
|r 2009-11-03
|t 1
|v 800.00
|w 2009-11-03
|y BK
|